TRUST THE EVOLUTIONARY GAME OF MIND AND (Record no. 22571)

MARC details
000 -LEADER
fixed length control field 00346nam a2200133Ia 4500
008 - FIXED-LENGTH DATA ELEMENTS--GENERAL INFORMATION
fixed length control field 240624s9999 xx 000 0 und d
041 ## - LANGUAGE CODE
Language code of text/sound track or separate title eng
082 ## - DEWEY DECIMAL CLASSIFICATION NUMBER
Classification number 150 YAM
100 ## - MAIN ENTRY--PERSONAL NAME
Personal name YAMAGISHI TOSHIO
245 ## - TITLE STATEMENT
Title TRUST THE EVOLUTIONARY GAME OF MIND AND
260 ## - PUBLICATION, DISTRIBUTION, ETC.
Date of publication, distribution, etc. 2011
Place of publication, distribution, etc. London
Name of publisher, distributor, etc. Springer
300 ## - PHYSICAL DESCRIPTION
Extent xv, : 177 : p. : cm. ; 24
365 ## - TRADE PRICE
Currency code ERU
Price amount 28
Holdings
Withdrawn status Lost status Damaged status Not for loan Home library Current library Shelving location Date acquired Source of acquisition Cost, normal purchase price Full call number Barcode Date last seen Copy number Price effective from Koha item type
        IMTN IMTN Rack 2-B 03/24/2014 RW 169.95 150 YAM 22571 06/24/2024 89.8 06/24/2024 Books
Designed & Maintained by: LRC IMT Nagpur Contact: lrc@imtnag.ac.in© 2024. All Rights Reserved.